Emergencia de culturas juveniles : | Estrategia del desencanto. (Registro nro. 1411)
[ vista simple ]
| 000 -CABECERA | |
|---|---|
| fixed length control field | 00776nam a22002297a 4500 |
| 003 - CONTROL NUMBER IDENTIFIER | |
| control field | AR-BeUNQ |
| 005 - FECHA Y HORA DE LA ULTIMA TRANSACCION | |
| control field | 20251105165224.0 |
| 008 - ELEMENTOS DE LONGITUD FIJA-INFORMACION GENERAL | |
| fixed length control field | 251105b |||||||| |||| 00| 0 spa d |
| 020 ## - NUMERO INTERNACIONAL NORMALIZADO PARA LIBROS | |
| Número Internacional Normalizado del libro | 9879334 |
| 040 ## - FUENTE DE CATALOGACION | |
| Agencia de catalogación original | AR-BeUNQ |
| Idioma de catalogación | ESPAÑOL |
| Agencia que realiza la transcripción | AR-BeUNQ |
| Convenciones de la descripción | aacr |
| 082 ## - NUMERO DE CLASIFICACION DECIMAL DEWEYMBER | |
| Número de la edición | 21 |
| Número de clasificación | 362 REG |
| 100 01 - ASIENTO PRINCIPAL-NOMBRE PERSONAL | |
| Nombre personal | Reguillo Cruz, Rossana |
| Títulos u otras palabras asociadas al nombre | autora |
| Fecha asociada al nombre | 28/09/1955 |
| Término relacionador | aut. |
| 245 1# - MENCION DE TITULO | |
| Título | Emergencia de culturas juveniles : |
| Otra información sobre el título | Estrategia del desencanto. |
| Mención de responsabilidad, etc | Rossana Reguillo Cruz. |
| Medio físico | Libro |
| 260 ## - PUBLICACION, DISTRIBUCION, ETC. | |
| Lugar de publicación, distribución, etc. | Buenos Aires : |
| Nombre del editor, distribuidor, etc. | Norma, |
| Fecha de publicación, distribución, etc | 2000 |
| 300 ## - DESCRIPCION FISICA | |
| Extensión | 182 p. |
| Dimensiones | 11x18 cm |
| 490 ## - MENCION DE SERIE | |
| Mención de serie | Enciclopedia Latinoamericana de Sociocultura y Comunicacion |
| 500 ## - NOTA GENERAL | |
| Nota general | Ensayo |
| 650 ## - ASIENTO SECUNDARIO DE MATERIA - TERMINO TEMATICO | |
| Fuente del encabezamiento o términ | spines |
| Término temático o nombre geográfico como elemento de entrada | Sociologia |
| 651 ## - ASIENTO SECUNDARIO DE MATERIA - NOMBRE GEOGRAFICO | |
| Fuente del encabezamiento o término | unescot |
| Nombre geográfico | Mexico |
| 929 ## - DATOS DE ADQUISICION | |
| Procedencia | DONACION |
| Proveedor | Patricia Taborda |
| Orden de compra | 0 |
| Precio | 0 |
| Fecha de recibido | 12/09/2022 |
| Patrimonio UNQ | PAT 0083699 |
| Número de inventario | 59739 |
| 942 ## - ELEMENTOS DE PUNTO DE ACCESO ADICIONAL (KOHA) | |
| Tipo de ítem Koha | Libros |
| Estado de retiro | Estado de pérdida | Ubicación permanente | Ubicación actual | Ubicación en estantería | Fecha de ingreso | Total Checkouts | Signatura topográfica completa | Inventario | Date last seen | Tipo de ítem Koha | Operador |
|---|---|---|---|---|---|---|---|---|---|---|---|
| Biblioteca ESET - UNQ | Biblioteca ESET - UNQ | CIRCULACION | 05/11/2025 | 362 REG | 59739 | 05/11/2025 | Libros | Gladys Alarcon |